Nora Roberts Booklist Quiz Stats

 Plays Quiz not verified by Sporcle

Challenge
Share
Tweet
Embed
Score 0/185 Timer 20:00
0 Plays Today
Title % Correct
Born in Ice
89%
Key of Light
89%
Blue Dahlia
89%
Black Rose
89%
Red Lily
89%
Vision in White
89%
Born in Fire
87.9%
Chesapeake Blue
87.9%
Jewels of the Sun
87.9%
Tears of the Moon
87.9%
Key of Knowledge
87.9%
Blood Brothers
87.9%
Born in Shame
86.8%
Heart of the Sea
86.8%
Key of Valor
86.8%
Morrigan's Cross
86.8%
The Last Boyfriend
86.8%
Holding the Dream
85.7%
Sea Swept
85.7%
The Hollow
85.7%
Savor the Moment
85.7%
Irish Thoroughbred
84.6%
Waiting for Nick
84.6%
Time Was
84.6%
Daring to Dream
84.6%
Finding the Dream
84.6%
Valley of Silence
84.6%
The Pagan Stone
84.6%
Irish Rose
83.5%
The MacGregor Brides
83.5%
Rising Tides
83.5%
Inner Harbor
83.5%
Dance Upon the Air
83.5%
Heaven and Earth
83.5%
Face the Fire
83.5%
Bed of Roses
83.5%
Happy Ever After
83.5%
Carolina Moon
83.5%
Tribute
83.5%
The Search
83.5%
Irish Rebel
82.4%
Taming Natasha
82.4%
The MacGregor Grooms
82.4%
The Perfect Neighbor
82.4%
The Return of Rafe MacKade
82.4%
Montana Sky
82.4%
Luring a Lady
81.3%
Considering Kate
81.3%
Loving Jack
81.3%
Best Laid Plans
81.3%
A Man for Amanda
81.3%
Night Shift
81.3%
The Fall of Shane MacKade
81.3%
Captive Star
81.3%
The Next Always
81.3%
The Perfect Hope
81.3%
Falling for Rachel
80.2%
Rebellion
80.2%
Courting Catherine
80.2%
Nightshade
80.2%
Enchanted
80.2%
The Pride of Jared MacKade
80.2%
Title % Correct
Hidden Star
80.2%
Summer Desserts
80.2%
All the Possibilities
79.1%
Convincing Alex
79.1%
Tempting Fate
79.1%
For the Love of Lilah
79.1%
Suzanna's Surrender
79.1%
Megan's Mate
79.1%
Night Shield
79.1%
Entranced
79.1%
The Collector
79.1%
Affaire Royale
78%
The Playboy Prince
78%
Skin Deep
78%
Night Shadow
78%
Captivated
78%
Dance of the Gods
78%
Lessons Learned
78%
High Noon
78%
Reflections
76.9%
Dance of Dreams
76.9%
Playing the Odds
76.9%
The Last Honest Woman
76.9%
Dance to the Piper
76.9%
Without A Trace
76.9%
The Heart of Devin MacKade
76.9%
Carnal Innocence
76.9%
Midnight Bayou
76.9%
Northern Lights
76.9%
Black Hills
76.9%
Charmed
75.8%
Cordina's Crown Jewel
75.8%
Times Change
75.8%
Shadow Spell
75.8%
Honest Illusions
75.8%
Blue Smoke
75.8%
The Witness
75.8%
One Man's Art
74.7%
The Winning Hand
74.7%
Secret Star
74.7%
Blood Magick
74.7%
Sanctuary
74.7%
River's End
74.7%
The Liar
74.7%
Command Performance
73.6%
Lawless
73.6%
Dark Witch
73.6%
Sacred Sins
73.6%
The Villa
73.6%
Three Fates
73.6%
Birthright
73.6%
In From the Cold
72.5%
Night Smoke
72.5%
One Summer
72.5%
Public Secrets
72.5%
The Reef
72.5%
Angels Fall
72.5%
Hidden Riches
71.4%
Chasing Fire
71.4%
Hot Ice
70.3%
Brazen Virtue
70.3%
Genuine Lies
70.3%
Title % Correct
True Betrayals
70.3%
Whiskey Beach
70.3%
Second Nature
69.2%
Sweet Revenge
69.2%
Divine Evil
69.2%
Homeport
68.1%
Spellbound
68.1%
Private Scandals
67%
The Witching Hour
67%
Year One
66.7%
Come Sundown
66.7%
The Obsession
66.7%
Gabriel's Angel
65.9%
Ever After
65.9%
Sullivan's Woman
64.8%
In Dreams
64.8%
For Now, Forever
63.7%
Her Mother's Keeper
62.6%
Blithe Images
61.5%
Untamed
61.5%
Winter Rose
61.5%
Song of the West
60.4%
A Will and a Way
60.4%
Island of Flowers
59.3%
First Impressions
59.3%
Boundary Lines
58.2%
Endings and Beginnings
57.1%
The Law is a Lady
57.1%
Opposites Attract
57.1%
All I Want for Christmas
57.1%
The Heart's Victory
56%
Risky Business
56%
Unfinished Business
56%
Tonight and Always
54.9%
A Matter of Choice
54.9%
Treasures Lost, Treasures Found
54.9%
Home for Christmas
54.9%
A World Apart
54.9%
Search for Love
53.8%
Partners
53.8%
Dual Image
53.8%
Once More With Feeling
52.7%
Storm Warning
52.7%
Temptation
52.7%
Night Moves
51.6%
Mind Over Matter
51.6%
Rules of the Game
50.5%
The Art of Deception
50.5%
The Welcoming
50.5%
From This Day
49.5%
Promise Me Tomorrow
49.5%
The Right Path
49.5%
Impulse
49.5%
Local Hero
48.4%
Name of the Game
48.4%
This Magic Moment
47.3%
The Best Mistake
47.3%
Less of a Stranger
46.2%
Island of Glass
22.2%
Bay of Sighs
22.2%
Stars of Fortune
22.2%

You're not logged in!

Compare scores with friends on all Sporcle quizzes.
Join for Free
OR
Log In

You Might Also Like...

Show Comments

Extras

Top Quizzes Today


Score Distribution

Your Account Isn't Verified!

In order to create a playlist on Sporcle, you need to verify the email address you used during registration. Go to your Sporcle Settings to finish the process.

Report this User

Report this user for behavior that violates our Community Guidelines.

Details: